Missing Word: Wimbledon Champs Quiz Stats

 Plays Quiz Updated Nov 24, 2017

Challenge
Share
Tweet
Embed
Score 0/20 Timer 03:00
0 Plays Today
Champion Missing Word % Correct
Steffi ____Graf
95.7%
Andre ______Agassi
95.4%
_____ WilliamsVenus
95.3%
Billie Jean ____King
94.7%
____ SamprasPete
94.4%
Roger _______Federer
92.5%
Björn ____Borg
91.8%
_____ BeckerBoris
91.4%
Rafael _____Nadal
89.7%
____ MurrayAndy
89.3%
Champion Missing Word % Correct
Maria _________Sharapova
83.1%
Martina ___________Navratilova
82.4%
___ LaverRod
80.1%
Chris _____Evert
76.6%
John _______McEnroe
75.8%
Novak ________Djokovic
71.7%
_______ HewittLleyton
55.9%
Virginia ____Wade
54%
Roy _______Emerson
37.1%
______ BartoliMarion
36.2%

Today's Daily Dose

You're not logged in!

Compare scores with friends on all Sporcle quizzes.
OR
Log In

You Might Also Like...

Show Comments

Extras

Top Quizzes Today


Score Distribution

Your Account Isn't Verified!

In order to create a playlist on Sporcle, you need to verify the email address you used during registration. Go to your Sporcle Settings to finish the process.

Report this User

Report this user for behavior that violates our Community Guidelines.

Details: